|
|
|
|
| LEADER |
00000nam0a2200000 4500 |
| 001 |
368609 |
| 005 |
20231102012111.0 |
| 035 |
|
|
|a (RuTPU)RU\TPU\retro\25991
|
| 090 |
|
|
|a 368609
|
| 100 |
|
|
|a 20220415d1980 m y0rusy50 ca
|
| 101 |
0 |
|
|a rus
|a eng
|
| 102 |
|
|
|a RU
|
| 105 |
|
|
|a a z 000zy
|
| 200 |
1 |
|
|a Владимир
|e фотоальбом
|f сост. В. М. Маслов, И. А. Столетова
|
| 210 |
|
|
|a Москва
|c Советская Россия
|d 1980
|
| 215 |
|
|
|a 224 с.
|c ил.
|
| 606 |
1 |
|
|a Владимир, г.
|x История
|2 stltpush
|3 (RuTPU)RU\TPU\subj\67092
|9 82975
|
| 610 |
1 |
|
|a Россия
|
| 610 |
1 |
|
|a города
|
| 610 |
1 |
|
|a фотоальбомы
|
| 610 |
1 |
|
|a исторические места
|
| 610 |
1 |
|
|a памятники зодчества
|
| 610 |
1 |
|
|a памятники культуры
|
| 610 |
1 |
|
|a памятные места
|
| 675 |
|
|
|a Т3(235.4)
|v 4
|
| 702 |
|
1 |
|a Маслов
|b В. М.
|g Владислав Михайлович
|4 220
|
| 702 |
|
1 |
|a Столетова
|b И. А.
|g Игорь Александрович
|4 220
|
| 801 |
|
1 |
|a RU
|b 63413507
|c 20220415
|
| 942 |
|
|
|c BK
|